Представление документа в формате RUSMARC

ПолеНазваниеЗначение
  Тип записи a
  Библиографический уровень c
001 Контрольный номер SKBR/4678fc43-387e-4f9d-a6f5-220438376cf3
005 Дата корректировки 20260703113555.6
010 Индекс ISBN __
a ISBN 978-5-00256-036-3
9 Тираж 60 экз.
b Уточнения в пер.
035 Другие системные номера __
a Идентификатор записи RU\NLR\BIBL_A\022613149
100 Данные общей обработки __
a Данные общей обработки 20260703d2025 m y0rusa028902 ca
101 Язык документа 0_
a Язык текста rus
102 Страна публикации __
a Страна публикации RU
105 Кодированные данные (монография) __
a Кодированные данные (монография) a z 000gy
181 Поле кодированных данных: вид содержания _0
a Код вида содержания (ISBD) i
182 Поле кодированных данных: тип средства _0
a Код типа средства (ISBD) n
200 Заглавие и сведения об ответственности 1_
a Заглавие Добро пожаловать
e Сведения, относящиеся к заглавию [сборник стихов]
f Первые сведения об ответственности Елизавета Олейникова
203 Вид содержания и тип средства __
a Вид содержания Текст
c Тип средства непосредственный
205 Сведения об издании __
a Основные сведения об издании Издание 2-е, "золотое", исправленное и дополненное
210 Выходные данные 1_
a Место издания Санкт-Петербург
c Издательство Реноме
d Дата издания 2025
215 Физическое описание __
a Объем 291 с.
c Иллюстрации/тип воспроизводства фот.
d Формат 22 см
330 Аннотация __
a Аннотация В сборник вошли избранные стихи разных лет. Поэтическое настроение у автора при сочинении стихов всегда позитивное и светлое. Книга "Добро пожаловать" — это доброе послание, приглашение каждого в мир Любви и Благодарности — к Богу, природе, Родине, людям, в мир добрых отношений, радости, счастья, мечты, в мир единомышленников и оптимистов, в мир чести, справедливости, в Мир на земле.
333 Примечание о целевом назначении __
a Примечание о целевом назначении 12+. Для детей старше 12 лет
464 Аналитический уровень _0
1 2001
a Благослови, Великий Боже...
464 Аналитический уровень _0
1 2001
a О жизни и добре
464 Аналитический уровень _0
1 2001
a Всем двадцатилетним
464 Аналитический уровень _0
1 2001
a Услышь, Вселенная!
464 Аналитический уровень _0
1 2001
a Молитва
464 Аналитический уровень _0
1 2001
a Ночное возрождение
464 Аналитический уровень _0
1 2001
a Давно я не писала
464 Аналитический уровень _0
1 2001
a Музы Парнаса
464 Аналитический уровень _0
1 2001
a Буфет
464 Аналитический уровень _0
1 2001
a Гнездо совы
606 Тематические рубрики __
2 Код системы nlr_sh
a Основная рубрика Художественная литература
606 Тематические рубрики __
2 Код системы nlr_sh
a Основная рубрика Современная русская литература (произведения)
610 Ключевые слова 0_
a Ключевые слова русская литература
610 Ключевые слова 0_
a Ключевые слова современная литература
610 Ключевые слова 0_
a Ключевые слова поэзия
610 Ключевые слова 0_
a Ключевые слова стихи
610 Ключевые слова 0_
a Ключевые слова тема оптимизма
610 Ключевые слова 0_
a Ключевые слова оптимизм
610 Ключевые слова 0_
a Ключевые слова тема доброты
610 Ключевые слова 0_
a Ключевые слова доброта
610 Ключевые слова 0_
a Ключевые слова тема Бога
610 Ключевые слова 0_
a Ключевые слова Бог
610 Ключевые слова 0_
a Ключевые слова тема природы
610 Ключевые слова 0_
a Ключевые слова природа
686 Индексы других классификаций __
a Классификационный индекс 84(2=411.2)6-5
2 Код системы rubbks
700 Автор _1
a Фамилия Олейникова
b Имя Е. В.
g Полное личное имя Елизавета Васильевна
f Даты 1938-
4 Код отношения 070
801 Источник записи _0
a Страна RU
b Организация NLR
c Дата составления 20250901
g Правила каталогизации PSBO
801 Источник записи _1
a Страна RU
b Организация NLR
c Дата составления 20250901
g Правила каталогизации PSBO
801 Источник записи _2
a Страна RU
b Организация NLR
c Дата составления 20251101
2 Код формата rusmarc
g Правила каталогизации PSBO
852 Данные о местонахождении __
i Авторский знак О-53
j Шифр хранения 84(2=411.2)6-5
901 Тип документа __
a Ответственный КиК/Обаева
t Тип документа x
901 Тип документа __
a Ответственный без партии
903 Характеристики (МАРС) __
a Дата передачи 20260703
c Наименование библиотеки (МАРС) Муниципальное бюджетное учреждение культуры "Централизованная библиотечная система" г. Сургут (Центральная городская библиотека им. А. С. Пушкина)